[Event "NATO-ch 32nd"]
[Site "Tartu"]
[Date "2022.06.28"]
[Round "2"]
[White "Tammisto, Janek"]
[Black "Keough, Robert W"]
[Result "0-1"]
[WhiteElo "1881"]
[BlackElo "2074"]
[PlyCount "70"]
[EventDate "2022.06.27"]
[EventType "swiss"]
[EventRounds "7"]
[EventCountry "EST"]
[SourceTitle "CBM 209 Extra"]
[Source "ChessBase"]
[SourceDate "2022.09.30"]
[SourceVersion "1"]
[SourceVersionDate "2022.09.30"]
[SourceQuality "1"]

1. d4 Nf6 2. Nf3 g6 3. c4 Bg7 4. Nc3 0-0 5. e4 d6 6. Be2 e5 7. d5 Na6 8. Bg5 h6 9. Bh4 Qe8 10. 0-0 Nc5 11. Bxf6 Bxf6 12. b4 Nd7 13. a4 a5 14. Nb5 Bd8 15. c5 dxc5 16. bxc5 Nxc5 17. Qc1 Nxe4 18. Qxh6 c6 19. dxc6 bxc6 20. Rae1 Bf5 21. Bd3 cxb5 22. Bxe4 Bxe4 23. Rxe4 Bf6 24. axb5 Qxb5 25. Ng5 Bxg5 26. Qxg5 Rfe8 27. Rh4 Qb6 28. Qh6 Qf6 29. Re1 Qg7 30. Qxg7+ Kxg7 31. Rhe4 a4 32. Rxe5 Rxe5 33. Rxe5 a3 34. Re1 a2 35. Ra1 Rb8 0-1

[Event "NATO-ch 30th"]
[Site "Berlin"]
[Date "2019.09.19"]
[Round "5.25"]
[White "Tammisto, Janek"]
[Black "Marquardt, Christian"]
[Result "1/2-1/2"]
[WhiteElo "1912"]
[BlackElo "2049"]
[PlyCount "35"]
[EventDate "2019.09.14"]
[EventType "team-swiss"]
[EventRounds "7"]
[EventCountry "GER"]
[SourceTitle "EXT 2020"]
[Source "ChessBase"]
[SourceDate "2019.10.17"]
[SourceVersion "1"]
[SourceVersionDate "2019.10.17"]
[SourceQuality "1"]
[WhiteTeam "Estonia"]
[BlackTeam "Germany"]
[WhiteTeamCountry "EST"]
[BlackTeamCountry "GER"]

1. d4 Nf6 2. Nf3 e6 3. Bg5 Be7 4. e3 b6 5. Bd3 c5 6. c3 0-0 7. Bxf6 Bxf6 8. Be4 d5 9. Bc2 Ba6 10. Ne5 Bxe5 11. dxe5 Qg5 12. Qf3 Nd7 13. Qh3 Qh6 14. Qxh6 gxh6 15. f4 f6 16. exf6 Rxf6 17. Nd2 e5 18. g3 1/2-1/2

[Event "NATO-ch 29th"]
[Site "Lubbock"]
[Date "2018.06.08"]
[Round "7"]
[White "Tammisto, Janek"]
[Black "Williams, Abiye1111"]
[Result "0-1"]
[WhiteElo "1940"]
[BlackElo "2064"]
[PlyCount "84"]
[EventDate "2018.06.04"]
[EventType "swiss"]
[EventRounds "7"]
[EventCountry "USA"]
[SourceTitle "EXT 2019"]
[Source "ChessBase"]
[SourceDate "2018.10.10"]
[SourceVersion "1"]
[SourceVersionDate "2018.10.10"]
[SourceQuality "1"]

1. d4 f5 2. Bg5 Nf6 3. Bxf6 exf6 4. e3 d5 5. c4 dxc4 6. Bxc4 Qd6 7. Qb3 Qb4+ 8. Nc3 Qxb3 9. Bxb3 a6 10. 0-0-0 Nc6 11. Nge2 Na5 12. Bc2 Bd6 13. g3 Bd7 14. Nf4 Kf7 15. Rhe1 b5 16. a3 b4 17. axb4 Bxb4 18. Nd3 Bd6 19. Nc5 Bxc5 20. dxc5 Be6 21. Nd5 Rac8 22. Nb4 Ra8 23. Rd3 Rhb8 24. Nd5 Ra7 25. Red1 Rab7 26. Ra3 Nc6 27. b3 a5 28. Kb2 Rd8 29. Nf4 Rxd1 30. Bxd1 Rb5 31. Nxe6 Kxe6 32. Be2 Rxc5 33. Bc4+ Ke5 34. Ra4 Ke4 35. Be2+ Nb4 36. Ka3 h6 37. h3 h5 38. h4 g6 39. Bc4 Kf3 40. Bf7 Kxf2 41. Bxg6 Kxg3 42. Bxh5 f4 0-1

[Event "NATO-ch 29th"]
[Site "Lubbock"]
[Date "2018.06.05"]
[Round "3"]
[White "Tammisto, Janek"]
[Black "Hendy, Jerry"]
[Result "0-1"]
[WhiteElo "1940"]
[BlackElo "1639"]
[PlyCount "122"]
[EventDate "2018.06.04"]
[EventType "swiss"]
[EventRounds "7"]
[EventCountry "USA"]
[SourceTitle "EXT 2019"]
[Source "ChessBase"]
[SourceDate "2018.10.10"]
[SourceVersion "1"]
[SourceVersionDate "2018.10.10"]
[SourceQuality "1"]

1. e4 c5 2. Nf3 e6 3. d4 cxd4 4. Nxd4 Nc6 5. Nxc6 bxc6 6. b3 Bb4+ 7. c3 Be7 8. Bb2 Nf6 9. Bd3 Qc7 10. 0-0 Bb7 11. Nd2 d5 12. exd5 cxd5 13. Bb5+ Bc6 14. Bxc6+ Qxc6 15. Qe2 0-0 16. c4 Rfd8 17. Rfd1 Rac8 18. Qf3 Qb7 19. h3 a5 20. Rab1 Qa8 21. a3 Qa6 22. cxd5 Rxd5 23. Ne4 Rf5 24. Qg3 Nh5 25. Qe3 Nf4 26. Ng3 Bg5 27. Nxf5 Ne2+ 28. Kh1 Bxe3 29. Ne7+ Kf8 30. Nxc8 Qxc8 31. fxe3 Ng3+ 32. Kg1 Qc2 33. Be5 Ne2+ 34. Kh1 f6 35. Bh2 e5 36. b4 axb4 37. axb4 Nc3 38. Rdc1 Qxb1 39. Rxb1 Nxb1 40. Kg1 Ke7 41. Kf2 Kd6 42. Kf3 Kd5 43. Kg4 g6 44. b5 Nd2 45. b6 Kc6 46. Bxe5 fxe5 47. Kg5 Nc4 48. e4 Kxb6 49. Kh6 Nd2 50. Kxh7 g5 51. Kg6 Kc5 52. Kxg5 Nxe4+ 53. Kg4 Kd4 54. h4 Nf6+ 55. Kf5 e4 56. Kxf6 e3 57. h5 e2 58. h6 e1Q 59. Kg7 Qe7+ 60. Kg8 Qg5+ 61. Kh8 Ke5 0-1

[Event "NATO-ch 27th"]
[Site "Shrivenham"]
[Date "2016.08.26"]
[Round "7"]
[White "Tammisto, Janek"]
[Black "Hernandez, Albert Ryan"]
[Result "1-0"]
[WhiteElo "2100"]
[BlackElo "1923"]
[PlyCount "90"]
[EventDate "2016.08.22"]
[EventType "swiss"]
[EventRounds "7"]
[EventCountry "ENG"]
[SourceTitle "EXT 2018"]
[Source "ChessBase"]
[SourceDate "2017.10.13"]
[SourceVersion "1"]
[SourceVersionDate "2017.10.13"]
[SourceQuality "1"]

1. e4 e6 2. d4 d5 3. exd5 exd5 4. Nf3 Bg4 5. h3 Bxf3 6. Qxf3 Nf6 7. Bg5 Be7 8. Nd2 0-0 9. Bd3 c6 10. 0-0-0 Nbd7 11. h4 Re8 12. g4 Nf8 13. Qg2 Qa5 14. Kb1 Qb6 15. Bxf6 Bxf6 16. c3 Ne6 17. g5 Be7 18. Qg4 Ba3 19. Nb3 a5 20. bxa3 a4 21. Kb2 axb3 22. axb3 Ra7 23. h5 c5 24. g6 fxg6 25. hxg6 h6 26. Qf5 Rf8 27. Qxd5 cxd4 28. cxd4 Rd8 29. Qxe6+ Qxe6 30. Bc4 Ra6 31. Rhe1 Qxc4 32. bxc4 Rxg6 33. Re7 Rf6 34. Rxb7 Rxf2+ 35. Kb3 Rdf8 36. c5 R8f3+ 37. Ka4 Rc2 38. Rb6 Rcc3 39. Kb5 Rxa3 40. d5 Rfb3+ 41. Kc6 Rc3 42. d6 Kf7 43. d7 Rd3 44. Rxd3 Rxd3 45. Kc7 Ke7 1-0